La teva biblioteca : un món per a descobrir un món per a descobrir
Descripción Física:
1 portallapis plegable en un sobre de plàstic
MARC
| LEADER | 00000nam a2200000Ia 4500 | ||
|---|---|---|---|
| 001 | 24221 | ||
| 008 | 160829s9999 xx 000 0 cat d | ||
| 080 | |a NBM-9-7 | ||
| 245 | |a La teva biblioteca : |b un món per a descobrir | ||
| 260 | |a [Barcelona] : |b Diputació de Barcelona, Xarxa de municipis, s.a. | ||
| 300 | |a 1 portallapis plegable en un sobre de plàstic | ||
| 650 | 0 | |a Biblioteques públiques |x Barcelona (Catalunya : Província) |9 49209 | |
| 710 | 1 | |a Barcelona (Catalunya : Província). |b Diputació |9 52408 | |
| 901 | |a Arxiu | ||
| 942 | |n 1 | ||
| 952 | |0 0 |1 0 |4 0 |6 NBM97 |7 1 |9 55742 |a Arxiu |b Arxiu |d 2016-12-01 |l 0 |o NBM-9-7 |p 24221 |r 2016-12-01 00:00:00 |w 2016-12-01 |y ARXIU | ||
| 999 | |c 59615 |d 59615 | ||